00630 a2200181 450000100060000002000180000604000360002410000220006024000450008224500400012730000080016736200090017565000260018494200070021095201110021795201030032899900170043123343 a9788561526009 cAnchieta - São Paulo/Itaigara aRibon, Átila A.10aAs esmeraldas perdidas do Guayaberolpor10aAs esmeraldas perdidas do Guayabero a1310 a2008 4aFicção brasileira cBK 00104070a91.1b91.1d2023-11-21l0o869.93 R486e RIB ESMp7665/PITr2023-11-21 18:25:14w2023-11-21yBK 00104070a88.1b88.1d2023-11-22l0o869.93 R486ep3861/CSPr2023-11-22 14:30:20w2023-11-22yBK c23343d23343